Bairros do centro de Belo Horizonte - Statistics

General Stats
  • This quiz has been taken 65 times
  • The average score is 5 of 8
Answer Stats
Answer % Correct
Savassi
91%
Centro
89%
Lourdes
81%
Funcionários
68%
Santa Efigênia
66%
Barro Preto
62%
Santo Agostinho
55%
Boa Viagem
28%
No matching quizzes found
Score Distribution
Percent of People with Each Score
Percentile by Number Answered
Your Score History
You have not taken this quiz